| 000 | 00536nam a22002057a 4500 | ||
|---|---|---|---|
| 003 | Nust | ||
| 005 | 20211228103953.0 | ||
| 008 | 170124b xxu||||| |||| 00| 0 eng d | ||
| 020 | _a97881-203-14764 | ||
| 038 | _aKhadija | ||
| 040 | _cc | ||
| 082 |
_a670.285 _bVAJ |
||
| 100 |
_aVajpayee, S. Kant _987075 |
||
| 245 |
_aPrinciples of Computer-Integrated Manufacturing / _cS. Kant Vajpayee |
||
| 260 |
_aNew Delhi : _bPrentice Hall, _c2009. |
||
| 300 |
_a498 p. ; _c24 cm. |
||
| 500 | _aPaperback. | ||
| 563 | _aPB | ||
| 942 |
_cBK _2ddc |
||
| 999 |
_c32086 _d32086 |
||